Growing Sideways - Noah Kahan (Full Lyrics) - Statistics

General Stats
  • This quiz has been taken 10 times
  • The average score is 264 of 348
Answer Stats
Answer % Correct
I
100%
be
88%
did
88%
empty
88%
engine
88%
everyone's
88%
go
88%
growing
88%
have
88%
If
88%
if
88%
I'm
88%
it
88%
me
88%
met
88%
my
88%
never
88%
On
88%
on
88%
perfect
88%
sideways
88%
So
88%
so
88%
to
88%
up
88%
what
88%
works
88%
a
75%
about
75%
alive
75%
and
75%
And
75%
anger
75%
angry
75%
are
75%
argued
75%
around
75%
at
75%
At
75%
bad
75%
But
75%
couch
75%
cured
75%
damn
75%
day
75%
divvied
75%
drive
75%
end
75%
fell
75%
finally
75%
first
75%
for
75%
forget
75%
found
75%
got
75%
ground
75%
healthy
75%
heart
75%
ignore
75%
impatient
75%
in
75%
into
75%
is
75%
it's
75%
Jesus
75%
Keep
75%
know
75%
leather
75%
like
75%
liver
75%
Lulu
75%
manic
75%
medication
75%
middle
75%
middle-aged
75%
might
75%
move
75%
new
75%
now
75%
of
75%
Oh
75%
out
75%
overpriced
75%
pain
75%
parents
75%
parts
75%
place
75%
poured
75%
rest
75%
said
75%
separate
75%
shit
75%
some
75%
stay
75%
style
75%
sufferin
75%
terrified
75%
that
75%
the
75%
their
75%
them
75%
there
75%
things
75%
thirty
75%
took
75%
trauma
75%
ways
75%
we
75%
Why
75%
worse
75%
felt
63%
forgot
63%
guess
63%
I'll
63%
man's
63%
savings
63%
Spent
63%
start
63%
still
63%
Til
63%
all
50%
Cause
50%
feel
50%
high
50%
life
50%
Until
50%
was
50%
Ain't
38%
better
38%
die
38%
don't
38%
Keeps
38%
knows
38%
Lord
38%
mind
38%
numb
38%
rushin
38%
sad-eyed
38%
than
38%
time
38%
wasted
38%
watch
38%
Yeah
38%
No matching quizzes found
Score Distribution
Percent of People with Each Score
Percentile by Number Answered
Your Score History
You have not taken this quiz